| 000 | 08559nam a22006377a 4500 | ||
|---|---|---|---|
| 005 | 20080918163843.0 | ||
| 008 | 080918t xxu||||| |||| 00| 0 hin d | ||
| 010 | _aHIN-92750 B-455978-003 | ||
| 020 |
_c250.00 _a8181480317 |
||
| 035 | _aHN-65096 B-455978-003 | ||
| 037 | _bDBAD / PUB | ||
| 037 | _bऐलाइड पब्लिर्शस | ||
| 040 |
_aDPL _bHN |
||
| 082 | _a921 | ||
| 100 |
_9747 _aकाम्बोज, वेद प्रकाश |
||
| 245 |
_aकपिलवस्तु का राजकुमारःबुद्धकथा / _cवेद प्रकाश काम्बोज |
||
| 246 |
_aKapilvastu ka Rajkumar:Budh Katha _bby Ved Prakash Kamboj |
||
| 260 |
_aदिल्ली _bश्रीगणेश प्रकाशन _c2010 |
||
| 270 |
_a32/52, गली नं.11, भीकम सिंह कालोनी, विश्वास नगर, शाहदरा _bदिल्ली _e110032 |
||
| 300 |
_a176पृ. _c22सेमी (सजिल्द) |
||
| 650 | _9697 | ||
| 650 | _9698 | ||
| 700 | _927881 | ||
| 700 | _927882 | ||
| 700 | _927883 | ||
| 942 |
_2ddc _cHN _mकाम्बोज _h921 |
||
| 999 |
_c52548 _d52548 |
||